| 000 | 00846caa a2200205 4500 | ||
|---|---|---|---|
| 999 |
_c459002 _d459002 |
||
| 001 | 216216977 | ||
| 003 | UA-OsUOA | ||
| 005 | 20200427220010.0 | ||
| 008 | 200427b un ||||| |||| 00| 0 ukr d | ||
| 040 |
_aUA-OsUOA _bukr _cUA-OsUOA _dUA-OsUOA |
||
| 041 | _aukr | ||
| 080 | _a908 | ||
| 090 | _a908 | ||
| 100 | _aАтаманенко В. | ||
| 245 |
_aНайдавніші описи Острозької волості як джерело з соціально-економічної історії _cВ. Атаманенко |
||
| 300 | _aС. 44–83 | ||
| 650 | _2UDC | ||
| 773 | 0 |
_0322642 _9343467 _dК. Інститут укр. археографії та джерелознавства ім. грушевського НАН України 2005 _o94243 _tНаукові записки _w(UA-OsUOA) 36403 _z966-02-3571-2 |
|
| 942 |
_2udc _cBKA |
||